000 00378cam a2200157ua 4500
041 _aeng
_h
082 _a630.21
_bNOR/AD
100 _aNorman, A G.
245 0 0 _aAdvances in agronomy, Vol 11 /
_cA G Norman.
_hTextual Documents
260 _aNew York :
_bAcademic Press ,
_c1959.
300 _a428 ; .
362 0 _aVol 11-
504 _a
942 _cBK
999 _c364
_d364